000 00465nam a2200181 a 4500
001 1771297720608
003 YourLibrary
005 20260217084031.0
008 260217s2010##################000#0#eng##
020 _a9781846683084
082 0 4 _a330.122
_bHAR
100 1 _aHarvey, David (Geograph),
_eauthor.
245 1 0 _a“The” enigma of capital :
260 _c2010.
650 0 _aCapitalism.
942 _cENGLISH
040 _aYourLibrary
_beng
_cYourLibrary
999 _c612884
_d612884